Tổng bí thư Nguyễn Văn Cừ với sự chuyển hướng chỉ đạo chiến lược ở hội nghị trung ương Đảng tháng 11-1939 /

Kaydedildi:
Detaylı Bibliyografya
Yazar: Trình Mưu, / PTS.
Materyal Türü: Makale
Dil:Vietnamese
Konular:
Etiketler: Etiketle
Etiket eklenmemiş, İlk siz ekleyin!
Thư viện lưu trữ: Thư viện Trường Đại học Đà Lạt
LEADER 00897nam a2200265 4500
001 DLU090075697
005 ##20090615
040 # # |a DLU  |b vie 
041 # # |a vie 
044 # # |a vn 
100 # # |a Trình Mưu, /  |c PTS. 
245 # # |a Tổng bí thư Nguyễn Văn Cừ với sự chuyển hướng chỉ đạo chiến lược ở hội nghị trung ương Đảng tháng 11-1939 /  |c Trình Mưu.  
653 # # |a Cách mạng giải phóng dân tộc  
653 # # |a Dân tộc thuộc địa 
653 # # |a Mặt trận dân chủ Đông Dương 
773 # # |t Tạp chí lịch sử Đảng  |g Số 4, 1992, tr. 3-7 
920 # # |a Phòng Tạp chí -- Trung tâm Thông tin - Thư viện Trường Đại học Đà Lạt 
994 # # |a DLU 
900 # # |a True 
911 # # |a Nguyễn Thị Linh Chi 
925 # # |a G 
926 # # |a A 
927 # # |a BB 
980 # # |a Thư viện Trường Đại học Đà Lạt